Morse Code Picture Blitz Quiz Stats

 Plays Quiz not verified by Sporcle

Score 0/26 Timer 03:00
0 Plays Today
Hint Answer % Correct
5● E ➖
87.8%
19● S ➖
86.5%
15● O ➖
85.3%
1● A ➖
85%
9● I ➖
84%
20● T ➖
83.4%
8● H ➖
82%
3● C ➖
80.7%
14● N ➖
80.3%
13● M ➖
79.7%
11● K ➖
77.1%
4● D ➖
77%
2● B ➖
77%
Hint Answer % Correct
18● R ➖
76.6%
16● P ➖
75.4%
24● X ➖
74.6%
26● Z ➖
74.3%
17● Q ➖
73.1%
21● U ➖
72.6%
22● V ➖
72.6%
10● J ➖
72.5%
6● F ➖
72.4%
12● L ➖
72.2%
25● Y ➖
71.9%
7● G ➖
71.8%
23● W ➖
70.7%

You're not logged in!

Compare scores with friends on all Sporcle quizzes.
OR
Log In

Show Comments

Extras

Top Quizzes Today


Score Distribution

Your Account Isn't Verified!

In order to create a playlist on Sporcle, you need to verify the email address you used during registration. Go to your Sporcle Settings to finish the process.

Report this User

Report this user for behavior that violates our Community Guidelines.

Details: